Normal view
MARC view
- Halpern A
Entry Personal Name
001 - CONTROL NUMBER
- control field: 161135
003 - CONTROL NUMBER IDENTIFIER
- control field: OSt
005 - DATE AND TIME OF LATEST TRANSACTION
- control field: 20230313125225.0
008 - FIXED-LENGTH DATA ELEMENTS
- fixed length control field: 230313|| aca||aabn | a|a d
040 ## - CATALOGING SOURCE
- Original cataloging agency: OSt
- Transcribing agency: OSt
100 ## - HEADING--PERSONAL NAME
- Personal name: Halpern A
670 ## - SOURCE DATA FOUND
- Source citation: Work cat.: (OSt)123446: Halpern A., Schaums Outlines 3000 Solved Problems In Physics